| 000 | 00582nam a22001937a 4500 | ||
|---|---|---|---|
| 003 | NUST | ||
| 005 | 20230126161828.0 | ||
| 008 | 190701b ||||| |||| 00| 0 eng d | ||
| 038 | _aMr. Zahoor | ||
| 082 | _a540 | ||
| 100 |
_aNazar, Zahra _916142 |
||
| 245 |
_aSynthesis of Nitrogen Alloyed Steels by Arc Melting Technique for Improved Properties _cZahra Nazar |
||
| 260 |
_aIslamabad : _bSNS - NUST _c2018. |
||
| 300 |
_axii, 84 p. : ill. ; _c30cm |
||
| 500 | _aHardcover. | ||
| 650 |
_aChemistry - MS Thesis _916069 |
||
| 700 |
_aDr. Azhar Mahmood _916143 |
||
| 942 |
_2ddc _cTHE |
||
| 999 |
_c525327 _d525327 |
||